Responses for Show #6027 - Tuesday, November 23, 2010

Contestants

[<< previous game]

Megan Cornell, a stay-at-home mom from Grand Rapids, Michigan

Bob Kennedy, a college linguistics instructor from Santa Barbara, California

George Tsuji, a software engineer from Ottawa, Ontario, Canada (whose 1-day cash winnings total $20,000)

[next game >>]

Jeopardy! Round responses

BOOK OPPOSITES
ACTION CINEMA 2010!
BEER GOOGLES
HOUSEHOLD HINTS
THANKSGIVING
PASS THE "URK"-Y
    $200 20
The Naked and the Dead

George
    $200 15
The A-Team

George
    $200 1
Oktoberfest

George
    $200 6
silver

Megan
    $200 11
Lincoln

George
    $200 25
Urkel

Megan
    $400 21
The Stand

Megan
    $400 16
[ERRATUM: Not all of the "7 evil exes" in the film were ex-boyfriends!]

(Scott) Pilgrim

George
    $400 2
the Rockies

George
    $400 7
lavender

Megan
    $400 12
Macy's

Megan
    $400 26
murky

Bob
    $600 22
All The King's Men

George
    $600 17
The Sorcerer's Apprentice

Triple Stumper
    $1,000 3
(George: Um, what is Busch?)

Samuel Adams

George
    $600 8
suede

Megan
    $600 13
a pumpkin

Bob
    $600 27
lurk

Megan
    $800 23
The Satanic Verses

Bob
    $800 18
Clash of the Titans

George
    $800 4
liters

Megan
    $800 9
(Bob: What's sugar?)

starch

Bob
Triple Stumper
    $800 14
the Detroit Lions (or the Dallas Cowboys)

George
    $800 28
P.J. O'Rourke

Triple Stumper
    $1000 24
Parallel Lives

George
    $1000 19
(Megan: What is Rambo?)

The Expendables

GeorgeMegan
    $1000 5
(Bob: What's Lingling?)

Yuengling

BobMegan
    $1000 10
alcohol

Bob
    $1000 29
Canada

Bob
    $1000 30
Gurkhas

Bob

Scores at the first commercial break (after clue 14):

George Bob Megan
$600 -$200 $3,400

Scores at the end of the Jeopardy! Round:

George Bob Megan
$4,800 $3,000 $3,600

Double Jeopardy! Round responses

TEXT MESSAGES
JAZZ & BLUES NICKNAMES
PAINT NO STOPPING US NOW
HERBS & SPICES
ANYONE FROM TENNESSEE?
"GAME", "SET", "MATCH"
    $400 10
the Titanic

Bob
    $400 1
"Dizzy"

Bob
    $400 15
Picasso

Bob
    $400 23
(Megan: What is wintergreen?)

spearmint

GeorgeMegan
    $400 18
the Medal of Honor

Bob
    $400 5
a matchmaker

George
    $800 11
Venice

Triple Stumper
    $800 2
"Chick"

George
    $800 16
the Moulin Rouge

George
    $800 24
coriander

Bob
    $800 19
(Bob: Who is Daniel Boone?)

Davy Crockett

BobMegan
    $800 6
a settlement

Bob
    $1200 12
Mark Twain

Bob
    $1200 3
"Muddy Waters"

Triple Stumper
    $1200 28
(Winslow) Homer

Megan
    $1200 25
poppy seeds

Megan
    $1200 20
(Megan: Oh... uh...!)

Admiral Farragut

Megan
Triple Stumper
    $1200 7
(Megan: What is a gameskeeper?)
[Initially ruled correct; reversed before Daily Double at clue 22]

a gamekeeper

Megan
Triple Stumper
    $1600 13
the Wright Brothers

George
    $1600 4
"Bix"

Triple Stumper
    $5,000 29
(Megan: Who is... Magritte?)
(Alex: No, who is [*], a name often closely associated with Paris.)

Marc Chagall

Megan
    $1600 26
mace

Triple Stumper
    $1600 21
"All the news that's fit to print"

Bob
    $1600 8
a gamecock

Bob
    $2000 14
Los Alamos

Bob
    $2000 17
"Django"

Triple Stumper
    $2000 30
Thomas Hart Benton

Triple Stumper
    $2000 27
turmeric

Megan
    $2,000 22
(Bob: Who is Johnson?)

Estes Kefauver

Bob
    $2000 9
match play

Bob

Scores at the end of the Double Jeopardy! Round:

George Bob Megan
$8,800 $11,800 $1,000

[wagering suggestions for these scores]

Final Jeopardy! Round responses

HORSE BREEDS
MeganWhat is a quarter horse?
$990
GeorgeWhat is quarterhorse?
$2,700
BobWhat is a quarter horse?
$5,900
quarter horse

Final scores:

George Bob Megan
$11,500 $17,700 $1,990
2nd place: $2,000 New champion: $17,700 3rd place: $1,000

Game dynamics:

Coryat scores:

George Bob Megan
$9,800 $13,800 $6,000
16 R,
1 W
(including 1 DD)
17 R,
4 W
(including 1 DD)
13 R,
5 W
(including 1 DD)

Combined Coryat: $29,600

[game clues] [game scores] [suggest correction]

Game tape date: 2010-08-31
The J! Archive is created by fans, for fans. Scraping, republication, monetization, and malicious use prohibited; this site may use cookies and collect identifying information. See terms. The Jeopardy! game show and all elements thereof, including but not limited to copyright and trademark thereto, are the property of Jeopardy Productions, Inc. and are protected under law. This website is not affiliated with, sponsored by, or operated by Jeopardy Productions, Inc. Join the discussion at JBoard.tv.